000 00388pab a2200157 454500
008 180718b2014 xxu||||| |||| 00| 0 eng d
100 _aBhardwaj, Atul
245 _aAircraft carriers do not offer a strategic panacea
260 _c2014
300 _ap.11-13.
362 _a18 May
650 _aAircraft
773 _aEconomic and Political Weekly
908 _aN
909 _a105551
999 _c105546
_d105546